000 00738nam a2200229 a 4500
001 000002644
005 20240530073910.0
008 090703s2009 dr 000 f spa d
020 _a9789945447132
040 _aDO-SdBNP
_bspa
_cBNPHU
082 _aRD863.44
_bL318i
100 1 _aLara, Johan
_98336
245 1 0 _aInocencia crucificada /
_cJohan Lara.
260 _aSanto Domingo :
_bUniversitaria,
_c2009.
300 _a155 p. ;
_c23 cm.
500 _aIncluye datos biográficos del autor.
590 _aLa biblioteca posee tres ejemplares autografiados por el autor.
590 _aInventariado, 2019/BT
650 0 _aNovela dominicana
_9223
650 0 _aLiteratura dominicana.
_967
910 _aValidado. Control de calidad MMOLINA
999 _c2480
_d2480